La Maternitat i Sant Ramon : desenvolupament urbà d'un barri de Les Corts / [autor: Lluís M. Bou i Roura ; col.laboració: Dolors Marín i Silvestre] desenvolupament urbà d'un barri de Les Corts / [autor:
ISBN:
9788498501490
Descripción Física:
115 p. : il. ; 21 x 21 cm
Otros Autores:
Marín, Dolors
MARC
| LEADER | 00000nam a2200000Ia 4500 | ||
|---|---|---|---|
| 001 | 24262 | ||
| 008 | 160829s2009 xx 000 0 cat d | ||
| 020 | |a 9788498501490 | ||
| 080 | |a Bib-212 | ||
| 100 | |a Bou i Roura, Lluís |9 49991 | ||
| 245 | |a La Maternitat i Sant Ramon : |b desenvolupament urbà d'un barri de Les Corts / [autor: |b Lluís M. Bou i Roura ; col.laboració: |b Dolors Marín i Silvestre] | ||
| 260 | |a Barcelona : |b Ajuntament de Barcelona, |c 2009 | ||
| 300 | |a 115 p. : |b il. ; |c 21 x 21 cm | ||
| 590 | |a Bibliografia p. 114-115 | ||
| 610 | 2 | 0 | |a Casa de Maternitat i Expòsits de Barcelona |9 52670 |
| 610 | 2 | 0 | |a Les Corts (Barcelona : Barri) |x Història |9 52916 |
| 700 | 1 | |a Marín, Dolors |9 49994 | |
| 710 | 1 | |a Barcelona (Catalunya). |b Ajuntament |9 50981 | |
| 901 | |a Arxiu | ||
| 942 | |n 1 | ||
| 952 | |0 0 |1 0 |4 0 |6 BIB212 |7 1 |9 55725 |a Arxiu |b Arxiu |d 2016-12-01 |l 0 |o Bib-212 |p 24262 |r 2016-12-01 00:00:00 |w 2016-12-01 |y ARXIU | ||
| 999 | |c 59598 |d 59598 | ||